000 nam a22 7a 4500
999 _c9050
_d9050
008 180122b ||||| |||| 00| 0 eng d
100 _aSharma N
_92117
245 _aLets do Mathematics
260 _aNew Delhi
_bArya Publication
_c2008